Alicia para niños / (Registro nro. 3763)
[ vista simple ]
| 000 -LEADER | |
|---|---|
| fixed length control field | 01395nam a2200289Ia 4500 |
| 003 - CONTROL NUMBER IDENTIFIER | |
| control field | OSt |
| 005 - DATE AND TIME OF LATEST TRANSACTION | |
| control field | 20250808161253.0 |
| 008 - FIXED-LENGTH DATA ELEMENTS--GENERAL INFORMATION | |
| fixed length control field | 191128s2008 ck a br 000 j spa d |
| 020 ## - INTERNATIONAL STANDARD BOOK NUMBER | |
| International Standard Book Number | 9789589841969 |
| 040 ## - CATALOGING SOURCE | |
| Original cataloging agency | CO-JMCR |
| Transcribing agency | CO-JMCR |
| 041 0# - LANGUAGE CODE | |
| Language code of text/sound track or separate title | spa |
| 082 04 - DEWEY DECIMAL CLASSIFICATION NUMBER | |
| Classification number | C |
| Item number | CARa |
| Edition number | 23 |
| 100 1# - MAIN ENTRY--PERSONAL NAME | |
| Personal name | Caroll, Lewis, |
| Relator term | autor |
| 9 (RLIN) | 2419 |
| 245 10 - TITLE STATEMENT | |
| Title | Alicia para niños / |
| Statement of responsibility, etc. | Lewis Caroll ; traducción de José Emilio Pacheco ; ilustraciones de Olga Cuéllar |
| 260 ## - PUBLICATION, DISTRIBUTION, ETC. | |
| Place of publication, distribution, etc. | Bogotá : |
| Name of publisher, distributor, etc. | Alcaldía Mayor de Bogotá : Fundación Gilberto Alzate Avendaño, |
| Date of publication, distribution, etc. | 2008 |
| 300 ## - PHYSICAL DESCRIPTION | |
| Extent | 66 páginas : |
| Other physical details | ilustraciones a blanco y negro ; |
| Dimensions | 17 cm. |
| 490 0# - SERIES STATEMENT | |
| Series statement | Libro al viento ; |
| Volume/sequential designation | 47 |
| 500 ## - GENERAL NOTE | |
| General note | Título original: Nursery Alice de Lewis Carroll |
| 505 0# - FORMATTED CONTENTS NOTE | |
| Formatted contents note | El conejo blanco -- Cómo creció Alicia -- El charco de lágrimas -- La carrera loca -- Elsa, la lagartija -- El adorable cachorrito -- La oruga azul -- El lechoncito -- El gato de Cheshire -- La merienda loca -- El jardín de la reina -- La cuadrilla de las langostas -- ¿Quién se robó los pasteles? -- La lluvia de naipes |
| 650 14 - SUBJECT ADDED ENTRY--TOPICAL TERM | |
| Topical term or geographic name entry element | Cuentos infantiles estadounidenses |
| 9 (RLIN) | 2420 |
| 650 24 - SUBJECT ADDED ENTRY--TOPICAL TERM | |
| Topical term or geographic name entry element | Literatura estadounidenses |
| 9 (RLIN) | 40460 |
| 650 24 - SUBJECT ADDED ENTRY--TOPICAL TERM | |
| Topical term or geographic name entry element | Aventuras en la literatura |
| 9 (RLIN) | 40461 |
| 650 24 - SUBJECT ADDED ENTRY--TOPICAL TERM | |
| Topical term or geographic name entry element | Conejos en la literatura |
| 9 (RLIN) | 2081 |
| 700 1# - ADDED ENTRY--PERSONAL NAME | |
| Personal name | Pacheco, José Emilio, |
| Relator term | traductor |
| 9 (RLIN) | 2421 |
| 700 1# - ADDED ENTRY--PERSONAL NAME | |
| Personal name | Cuéllar, Olga, |
| Relator term | ilustradora |
| 9 (RLIN) | 1085 |
| 942 ## - ADDED ENTRY ELEMENTS (KOHA) | |
| Source of classification or shelving scheme | Dewey Decimal Classification |
| Koha item type | Books |
| Withdrawn status | Lost status | Source of classification or shelving scheme | Damaged status | Not for loan | Collection code | Home library | Current library | Date acquired | Source of acquisition | Cost, normal purchase price | Total Checkouts | Full call number | Barcode | Date last seen | Date last checked out | Copy number | Koha item type | Price effective from |
|---|---|---|---|---|---|---|---|---|---|---|---|---|---|---|---|---|---|---|
| Dewey Decimal Classification | Fiction | Biblioteca Pública José María del Castillo y Rada | Biblioteca Pública José María del Castillo y Rada | 11/28/2019 | Donación | 0.00 | 3 | C CARa | 201808068 | 06/04/2024 | 06/04/2024 | Ej.1 | Books | |||||
| Dewey Decimal Classification | Fiction | Biblioteca Pública José María del Castillo y Rada | Biblioteca Pública José María del Castillo y Rada | 08/04/2021 | Donación | 0.00 | 4 | C / CARa | 201811048 | 09/08/2025 | 09/05/2025 | Ej.2 | Books | 09/15/2021 |